000 00453nam a2200181Ia 4500
005 20250423100726.0
008 250422s9999 xx 000 0 und d
020 _a0706979397
050 _aHD 39.5 .N35/
100 _aNair, N.K.
245 0 _aPurchasing and materials management
260 _aNew Delhi
260 _bVikas Publishing House
260 _c2007
300 _a331 p
650 _aIndustrial procurement --Management.
942 _cBK
999 _c34163
_d34163